000 00323nam a22001217a 4500
999 _c534316
_d534316
040 _cMSOHAIL
082 _a891.4393
100 _aTahir Mansoor Siddqui - طاہرمنصور صدیقی
_928461
245 _aCleopatra - قلوپطرہ
260 _aLahore
_bAl-Hamd Publications
_cN.D.
300 _a270;p
942 _2ddc
_cBK